What's the name of this celebrity ? - Statistics

General Stats
  • This quiz has been taken 36 times
    24 since last reset
  • The average score is 31 of 40
Answer Stats
Name Answer % Correct
Jackie Chan
100%
John Lennon
100%
Britney Spears
96%
David Bowie
96%
Elvis Presley
96%
Freddie Mercury
96%
Johnny Depp
96%
Michelle / Barack Obama
96%
Taylor Swift
96%
Albert Einstein
91%
Charlie Chaplin
91%
Daniel Radcliffe
91%
Frank Sinatra
91%
Harry Styles
91%
Jennifer Aniston
91%
Neil Armstrong (the moon guy)
91%
Hillary / Bill Clinton
87%
Marilyn Monroe
87%
William Shakespeare
87%
Bruce Lee (The one in Hong-Kong)
83%
Joseph Stalin
83%
Kurt Cobain
83%
Lionel Messi
83%
Muhammad Ali
83%
Audrey / Katharine Hepburn
78%
Martin Luther King (the activist)
78%
Oscar Wilde
78%
Stephen King (the writer)
78%
Alfred Hitchcock
74%
Jimi Hendrix
70%
Napoléon Bonaparte
70%
Angela Merkel
65%
Diana Ross
57%
Emmanuel Macron
43%
Grace Kelly (woman)
43%
Ray Charles
43%
Jean-Paul Sartre
35%
Megan Fox (woman)
30%
Buster Keaton (film director)
26%
Romy Schneider (woman)
9%
No matching quizzes found
Score Distribution
Percent of People with Each Score
Percentile by Number Answered
Your Score History
You have not taken this quiz since the last reset